LEADER 00908nam a2200229 i 4500 001 000000185630 003 CaOOAMICUS 005 20100210000000.0 008 100210s1928 it u000 u ita u 013 $a163664 040 $aSeMil$bita 100 1 $aDe Regibus, Luca.$0(OLS)http://semarc/name/66020 245 10$aLattanzio /$cLuca De Regibus. 260 $aTorino :$bSocietà Editrice Internazionale,$c1928. 300 $a239 p. ;$c18 cm. 490 0 $aPagine cristiane ;$v2. 600 04$aLattanzio, Lucio Cecilio Firmiano .$0(OLS)http://semarc/subject/11597 830 0$aPagine cristiane ;$v2.$0(OLS)http://semarc/title/23625 850 $aSeMil 852 $aSeMil$W1$xVenegono$y1$m2T I 11$j136321$B136321$CSeMilBibl$Z2$F147853 $81 996 $6245$aLattanzio$9(OLS)http://semarc/title/266813 996 $6260$aTorino :$bSocietà Editrice Internazionale$9(OLS)http://semarc/publisher/29847 LEADER 01033nam a2200241 i 4500 001 000000206646 003 CaOOAMICUS 005 20111010000000.0 008 111010s1885 it u000 u ita u 013 $a185418 040 $aSeMil$bita 245 10$aSentenze e pensieri di Alessandro Manzoni /$craccolti da' suoi scritti e ordinati dal prof. Giuseppe Dr. Bindoni. 260 $aTreviso :$bTip. Pio Ist. Turazza,$c1885. 300 $a306 p. ;$c19 cm. 500 $aNota ms. di possesso autografa di A. Ratti (Pio XI) in cop. 700 1 $aBindoni, Giuseppe.$0(OLS)http://semarc/name/11337 700 1 $aManzoni, Alessandro,$d<1785-1873>.$0(OLS)http://semarc/name/1162 850 $aSeMil 852 $aSeMil$W1$xVenegono$y1$m1P III 28 FA/RATTI$j157114$B157114$CSeMilBibl$Z2$F168435 $8B 941 1 $a11 961 $aRecupero: Ratti, Achille (Pio XI) 996 $6245$aSentenze e pensieri di Alessandro Manzoni$9(OLS)http://semarc/title/298856 996 $6260$aTreviso :$bTip. Pio Ist. Turazza$9(OLS)http://semarc/publisher/52102